| 000 | 01075nam a22002897a 4500 | ||
|---|---|---|---|
| 001 | 7593 | ||
| 003 | FISKH | ||
| 005 | 20250725100321.0 | ||
| 008 | 250725b cb ||||| |||| 00| 0 eng d | ||
| 020 | _a9781407117461 | ||
| 040 |
_aFISKH _beng _cFISKH _dFISKH |
||
| 082 | _a793.73 | ||
| 100 | _aDeary, Terry | ||
| 245 |
_aHorribly hilarious joke book : _bJokes with the nasty bits left in ! / _cBy Terry Deary |
||
| 260 |
_aNew York : _bScholastic , _c1993, 2006. |
||
| 300 |
_a85 pages : _bcolor illstrations ; _c20 cm . |
||
| 490 | _aHorrible Histories | ||
| 505 | _aK | ||
| 520 | _aHorribly Hilarious Joke Book is full of hundreds of horribly hilarious historical jokes and illustrations in one laugh-out-loud book. A must-have book for any Horrible Histories fan, you'll literally laugh your head off at this comical collection of nasty bits. | ||
| 521 | 8 |
_a510
_bLexile estimate |
|
| 521 | 8 |
_aK
_bRaz-Plus |
|
| 650 |
_aChildren _vFiction |
||
| 650 |
_aHistory _vFiction |
||
| 650 |
_aJokes _vFiction |
||
| 942 |
_2ddc _cBK _n0 |
||
| 999 |
_c7593 _d7593 |
||